|
|
|
|
| LEADER |
00000naa a2200000uu 4500 |
| 001 |
vtls010953636 |
| 003 |
SK-MaSNL |
| 005 |
20260302123914.0 |
| 008 |
210909|2001 xo |||||||||||||||||eng| |
| 015 |
|
|
|a SNBRA
|
| 035 |
|
|
|a (urnnbn)urn:nbn:sk:snk:ar-a0blrl
|
| 035 |
|
|
|a (uuid)730752da-065d-416a-a1e2-d94d1e9957cb
|
| 035 |
|
|
|a urn:nbn:sk:snk-aaudrc
|
| 040 |
|
|
|a SNKBUCL
|b slo
|c SNKBUCL
|e AACR2
|
| 041 |
0 |
|
|a eng
|
| 044 |
|
|
|a xo
|c SK
|
| 100 |
1 |
|
|a Hrebenarova, Lucia
|4 aut
|9 349671
|
| 245 |
1 |
0 |
|a Distance learning course on mediamatics
|c Lucia Hrebenarova, Milan Konvit
|
| 700 |
1 |
|
|a Konvit, Milan,
|d 1948-
|4 aut
|9 193615
|
| 773 |
0 |
|
|t Virtual University
|d V Bratislave : Slovenská technická univerzita, 2001
|g S. 160-164
|z 8022716529
|
| 958 |
|
|
|a OND
|
| 958 |
|
|
|a article11
|
| 958 |
|
|
|a chapter
|
| 999 |
|
|
|c 1285157
|d 1287087
|